Normal view
MARC view
- GIOTTO,
Entry Nombre Personal
001 - NUMERO DE CONTROL
- campo de control: 21157
003 - IDENTIFICADOR DE NUMERO DE CONTROL
- campo de control: UPN
005 - FECHA Y HORA DE LA ÜLTIMA TRANSACCIÓN
- campo de control: 20210219193936.0
008 - DATOS DE LONGITUD FIJA
- campo de control de longitud fija: nabaccnnaabn|||||||||| b |nc|||||d
035 ## - NUMERO DE CONTROL
- Número de control: UPN10000021166
040 ## - FUENTE DE CATALOGACIÓN
- Lenguaje de catalogación: SPA
- Agencia de transcripción: UPN
100 0# - ENCABEZAMIENTO - NOMBRE PERSONAL
- Nombre personal: GIOTTO,
- Fechas asociadas con el nombre: 1266?-1337 -
- Subdivisión de forma: NOVELA
670 ## - FUENTE EN LA QUE SE LOCALIZARON DATOS
- Cita de la fuente: LC
- Información localizada: Giotto, 1266?-1337 - Fiction
902 ## - CATALOGADOR
- Catalogador: BDV/250912
